00706nam a22002057a 450000500170000001000360001702000260005303500130007903500170009203700130010903700230012208200110014524501320015626000400028827000740032830000280040250000190043070000270044970000240047620100802163246.0 aENG-97704 B-423396-399 a9788178311999c800.00 aEN-81237 aB-423396-399 bDBAD/PUB bAllied Publishers  a338.95 aGloblization and the third world :bissues, prospects and challenges /cedited by Abdulrahim P. Vijapur [and] Rashmi Doraiswamy aNew DelhibManak Publicationsc2009 aB-7, Saraswati Complex, Subhash chowk, Laxmi NagarbNew Delhie110092 axxviii,261p.c23cm (Hb) aIncludes index aVijapur, Abdulrahim P. aDoraiswamy, Rashmi